Great Northern stations - Statistics

General Stats
  • This quiz has been taken 107 times
    85 since last reset
  • The average score is 37 of 53
Answer Stats
Answer % Correct
London King's Cross
93%
Finsbury Park
91%
Moorgate
91%
Cambridge
89%
Alexandra Palace
87%
Welwyn Garden City
87%
Old Street
84%
Peterborough
84%
Stevenage
84%
Highbury & Islington
82%
Essex Road
80%
Harringay
80%
Hertford North
78%
Huntingdon
78%
King's Lynn
78%
Letchworth Garden City
78%
Potters Bar
78%
Hitchin
76%
Hornsey
76%
Royston
76%
Drayton Park
73%
Ely
73%
Hatfield
71%
Welwyn North
71%
Cambridge North
69%
New Barnet
69%
New Southgate
69%
Oakleigh Park
69%
St Neots
69%
Ashwell & Morden
67%
Foxton
67%
Knebworth
67%
Shepreth
64%
Baldock
62%
Biggleswade
62%
Meldreth
62%
Brookmans Park
60%
Waterbeach
60%
Watton-at-Stone
60%
Bowes Park
58%
Cuffley
58%
Enfield Chase
58%
Gordon Hill
58%
Bayford
56%
Crews Hill
56%
Downham Market
56%
Hadley Wood
56%
Palmers Green
53%
Winchmore Hill
53%
Welham Green
51%
Grange Park
49%
Littleport
49%
Watlington
47%
No matching quizzes found
Score Distribution
Percent of People with Each Score
Percentile by Number Answered
Your Score History
You have not taken this quiz since the last reset